[Event "31st 4NCL Congress"]
[Site "Harrogate, North Yorkshire, ENG"]
[Date "2024.01.19"]
[Round "1.1"]
[White "Hutchinson, Paul A"]
[Black "Sarakauskas, Gediminas"]
[Result "0-1"]
[WhiteElo "2081"]
[BlackElo "2464"]
[PlyCount "152"]
[EventDate "2024.01.19"]

1. d4 Nf6 2. Nc3 d5 3. Bf4 a6 4. e3 e6 5. Nf3 c5 6. a3 Nc6 7. Bd3 Bd6 8. Bg3
O-O 9. dxc5 Bxc5 10. O-O Be7 11. h3 Nd7 12. Re1 Nc5 13. Bf1 Bf6 14. Nd4 e5 15.
Nf3 Be6 16. b4 e4 17. Nd4 Nxd4 18. exd4 Nd7 19. Na4 Rc8 20. c4 dxc4 21. Rc1 Bf5
22. Bf4 b5 23. Nc3 Nb6 24. g4 Bg6 25. Nxe4 Bxe4 26. Rxe4 Nd5 27. Bg3 a5 28.
bxa5 Qxa5 29. Bd6 Rfd8 30. Bc5 Bg5 31. Rc2 Qa4 32. Qb1 h6 33. h4 Bxh4 34. f4
Nf6 35. Re3 Nxg4 36. Rh3 Bf6 37. Rg2 Rxc5 38. Rxg4 Bxd4+ 39. Kh1 Rc6 40. f5 Be5
41. Qe4 Qd1 42. Rg1 Qd6 43. f6 Qxf6 44. Rf3 Qd6 45. Rf5 Bb2 46. Rxb5 Bd4 47.
Rg4 Qxa3 48. Qxc6 c3 49. Rxd4 Rxd4 50. Qc8+ Qf8 51. Qxc3 Qd8 52. Rb2 Qd5+ 53.
Rg2 Rh4+ 54. Kg1 Qd4+ 55. Qxd4 Rxd4 56. Be2 g6 57. Kf2 Kg7 58. Ke3 Ra4 59. Bd3
h5 60. Be2 Kh6 61. Bb5 Ra3+ 62. Kf4 f6 63. Be8 g5+ 64. Ke4 Ra5 65. Bd7 Re5+ 66.
Kd4 g4 67. Rb2 Kg5 68. Rb8 Re1 69. Rg8+ Kf4 70. Kc3 Re7 71. Bc8 Ke3 72. Bf5
Rc7+ 73. Kb3 Rc5 74. Bd7 Rd5 75. Bc6 Rg5 76. Re8+ Kf2 0-1

[Event "31st 4NCL Congress"]
[Site "Harrogate, North Yorkshire, ENG"]
[Date "2024.01.19"]
[Round "1.2"]
[White "Arkell, Keith C"]
[Black "Alldritt, Nigel RE"]
[Result "1-0"]
[WhiteElo "2424"]
[BlackElo "2072"]
[PlyCount "61"]
[EventDate "2024.01.19"]

1. c4 e5 2. Nc3 Bb4 3. Nf3 Bxc3 4. bxc3 d6 5. c5 Nc6 6. cxd6 cxd6 7. d3 Nge7 8.
c4 O-O 9. e3 d5 10. cxd5 Nxd5 11. Bd2 Be6 12. Rb1 a5 13. a3 Qe7 14. Qc1 Rfc8
15. Qb2 f6 16. Be2 b5 17. e4 Nc7 18. O-O Qd6 19. Rfc1 Rab8 20. Be3 b4 21. Bc5
Qd7 22. axb4 Nxb4 23. Qd2 Nca6 24. Be3 Rxc1+ 25. Rxc1 Qb7 26. d4 Qxe4 27. dxe5
Qb7 28. Qd6 Qd7 29. Rd1 Rd8 30. Bb6 Rb8 31. Bxa5 1-0

[Event "31st 4NCL Congress"]
[Site "Harrogate, North Yorkshire, ENG"]
[Date "2024.01.19"]
[Round "1.3"]
[White "McLean, Robert"]
[Black "Wells, Peter K"]
[Result "0-1"]
[WhiteElo "2068"]
[BlackElo "2347"]
[PlyCount "101"]
[EventDate "2024.01.19"]

1. e4 e5 2. Nf3 Nc6 3. Bc4 Nf6 4. d3 h6 5. O-O d6 6. a4 g6 7. a5 a6 8. Nc3 Bg7
9. Be3 O-O 10. Qd2 Kh7 11. Bb3 Bg4 12. Nd5 Bxf3 13. gxf3 Nh5 14. c3 f5 15. Qc1
Ne7 16. Kh1 fxe4 17. fxe4 Nxd5 18. Bxd5 Qf6 19. Qd1 c6 20. Bb3 Nf4 21. Rg1 h5
22. Rg3 Bh6 23. d4 Rad8 24. Qd2 g5 25. Rag1 g4 26. f3 Nh3 27. Rf1 Bxe3 28. Qxe3
Qf4 29. Qxf4 Rxf4 30. Bc4 Rdf8 31. Kg2 Ng5 32. Be2 gxf3+ 33. Bxf3 Kh6 34. Be2
Nxe4 35. Rxf4 Rxf4 36. Re3 exd4 37. cxd4 d5 38. Bf3 Kg5 39. Re2 h4 40. Re3 Nd6
41. Re5+ Nf5 42. h3 Rxd4 43. Bg4 Rf4 44. Bxf5 Rxf5 45. Re7 d4 46. Rg7+ Kf4 47.
Rxb7 Rb5 48. Rb6 Ke3 49. b4 d3 50. Rxc6 d2 51. Re6+ 0-1

[Event "31st 4NCL Congress"]
[Site "Harrogate, North Yorkshire, ENG"]
[Date "2024.01.19"]
[Round "1.4"]
[White "Jackson, Edward"]
[Black "Pilley, Jack"]
[Result "1-0"]
[WhiteElo "2286"]
[BlackElo "2068"]
[PlyCount "67"]
[EventDate "2024.01.19"]

1. e4 c6 2. d4 d5 3. e5 c5 4. c3 Nc6 5. Be2 cxd4 6. cxd4 Bf5 7. Nf3 e6 8. O-O
Bg4 9. Nbd2 Nge7 10. Qb3 Bxf3 11. Nxf3 Qb6 12. Bd3 g6 13. Qxb6 axb6 14. g4 Bg7
15. Bg5 h6 16. Be3 f6 17. exf6 Bxf6 18. a3 g5 19. Kg2 Kf7 20. h4 gxh4 21. Kh3
Nc8 22. Rad1 Nd6 23. Nxh4 Nc4 24. Bxc4 dxc4 25. f4 Ne7 26. f5 Bg5 27. Rde1 Bxe3
28. fxe6+ Ke8 29. Rxe3 Rd8 30. Rf7 Rg8 31. Re4 b5 32. Nf5 Nxf5 33. gxf5 Rg5 34.
e7 1-0

[Event "31st 4NCL Congress"]
[Site "Harrogate, North Yorkshire, ENG"]
[Date "2024.01.19"]
[Round "1.5"]
[White "Bak, Christopher"]
[Black "Townsend, M Paul"]
[Result "0-1"]
[WhiteElo "2048"]
[BlackElo "2264"]
[PlyCount "106"]
[EventDate "2024.01.19"]

1. Nf3 Nf6 2. g3 d5 3. Bg2 e6 4. O-O Be7 5. c4 O-O 6. b3 c5 7. e3 Nc6 8. Bb2 d4
9. exd4 cxd4 10. Re1 Re8 11. Ne5 Qb6 12. d3 Nxe5 13. Rxe5 Bd7 14. Nd2 Bc6 15.
Bxc6 bxc6 16. c5 Qc7 17. Bxd4 Rad8 18. Bb2 Rxd3 19. Qe2 Red8 20. Nc4 Ne8 21.
Re3 Rxe3 22. Qxe3 Qd7 23. Rc1 Qd5 24. b4 Qh5 25. Qe4 Rc8 26. Kg2 Qd5 27. Qxd5
exd5 28. Na5 Bd8 29. Nb3 Nc7 30. Be5 Ne6 31. f4 f6 32. Bd6 Kf7 33. Re1 f5 34.
Kf3 Bf6 35. Be5 Bd8 36. g4 fxg4+ 37. Kxg4 g6 38. Kf3 Bf6 39. a3 Ke7 40. Bxf6+
Kxf6 41. Re5 g5 42. Kg4 h5+ 43. Kf3 Nxf4 44. Re3 Ne6 45. Ke2 g4 46. Kd3 h4 47.
Na5 Rc7 48. Re1 g3 49. hxg3 hxg3 50. Ke3 Ng5 51. Kf4 Ne4 52. Rh1 Kg6 53. Kg4
Nf2+ 0-1

[Event "31st 4NCL Congress"]
[Site "Harrogate, North Yorkshire, ENG"]
[Date "2024.01.19"]
[Round "1.6"]
[White "Bulford, Michael"]
[Black "Skettos, Nicolas"]
[Result "1-0"]
[WhiteElo "2247"]
[BlackElo "2044"]
[PlyCount "93"]
[EventDate "2024.01.19"]

1. d4 Nf6 2. c4 e6 3. Nc3 Bb4 4. e3 O-O 5. Nge2 Re8 6. a3 Bf8 7. Nf4 d6 8. Be2
e5 9. dxe5 dxe5 10. Qxd8 Rxd8 11. Nfd5 Nxd5 12. Nxd5 Na6 13. b4 c6 14. Nc3 Nc7
15. Bb2 Be6 16. Rd1 Rxd1+ 17. Kxd1 a5 18. b5 cxb5 19. cxb5 Bb3+ 20. Kc1 Rc8 21.
Kb1 Ne6 22. Rc1 Nc5 23. Ne4 f6 24. f4 exf4 25. Bd4 b6 26. exf4 Re8 27. Bxc5
Rxe4 28. Bd3 Re8 29. Bxf8 Rxf8 30. Rc6 Rb8 31. Rd6 Kf7 32. Rd7+ Kg8 33. Kb2 Be6
34. Rc7 Bd5 35. Bc4 Bxc4 36. Rxc4 Rb7 37. Kc3 Kf7 38. Rc6 Ke7 39. f5 Kd7 40.
Kd4 Ke7 41. Re6+ Kf7 42. Kd5 g6 43. Kc6 Rb8 44. Kc7 Rg8 45. Kxb6 gxf5 46. Re2
a4 47. Ka7 1-0

[Event "31st 4NCL Congress"]
[Site "Harrogate, North Yorkshire, ENG"]
[Date "2024.01.19"]
[Round "1.7"]
[White "Hepworth, Peter"]
[Black "Fava, Lorenzo"]
[Result "0-1"]
[WhiteElo "2029"]
[BlackElo "2245"]
[PlyCount "116"]
[EventDate "2024.01.19"]

1. d4 d5 2. Nf3 Nf6 3. c4 e6 4. cxd5 exd5 5. Nc3 c6 6. Qc2 g6 7. e3 Bf5 8. Bd3
Bxd3 9. Qxd3 Bg7 10. O-O O-O 11. Rb1 a5 12. a3 Nbd7 13. b4 axb4 14. axb4 b5 15.
h3 Re8 16. Nd2 Nb6 17. Nb3 Nc4 18. Nc5 Nd7 19. Re1 Nxc5 20. bxc5 Qh4 21. Re2 f5
22. Kh2 Re6 23. g3 Qf6 24. Re1 g5 25. Ne2 Bh6 26. Rg1 Kh8 27. Rg2 Qf7 28. Ng1
Re4 29. Nf3 g4 30. hxg4 fxg4 31. Ne1 Bg7 32. Nc2 Re6 33. Kg1 Rae8 34. Rh2 Re4
35. Bd2 Ra8 36. Nb4 Ra3 37. Bc3 Qe6 38. Re1 Rxc3 39. Qxc3 Bxd4 40. Qc2 Ne5 41.
Rd1 Nf3+ 42. Kg2 Nxh2 43. Kxh2 Qh6+ 44. Kg1 Bxe3 45. Qc3+ d4 46. Qd3 Bxf2+ 47.
Kxf2 Qh2+ 48. Kf1 Qh1+ 49. Kf2 Qh2+ 50. Kf1 Re5 51. Nxc6 Qh1+ 52. Kf2 Qh2+ 53.
Kf1 Qh1+ 54. Kf2 Qxc6 55. Rb1 Qf6+ 56. Kg2 Re3 57. Qf1 Qc6+ 58. Kh2 Qh6+ 0-1

[Event "31st 4NCL Congress"]
[Site "Harrogate, North Yorkshire, ENG"]
[Date "2024.01.19"]
[Round "1.8"]
[White "Burnett, Andrew"]
[Black "Mesesan, Mircea-Marius"]
[Result "1-0"]
[WhiteElo "2244"]
[BlackElo "2026"]
[PlyCount "131"]
[EventDate "2024.01.19"]

1. d4 Nf6 2. c4 c5 3. Nf3 cxd4 4. Nxd4 g6 5. Nc3 Nc6 6. Nc2 Bg7 7. g3 O-O 8.
Bg2 b6 9. O-O Bb7 10. Bd2 Qc8 11. b3 Nd8 12. e4 d6 13. Rc1 Ne6 14. Nd5 Re8 15.
Be3 Nc5 16. Bg5 Ncxe4 17. Bxe4 Nxe4 18. Nxe7+ Rxe7 19. Bxe7 Nc3 20. Qd3 Qh3 21.
f3 Be5 22. Rf2 Nxa2 23. Re1 a5 24. Bxd6 Bg7 25. Re7 Bc6 26. Nd4 Nc1 27. Qe3
Bxd4 28. Qxd4 Nxb3 29. Qxb6 Ba4 30. Qb7 Qc8 31. Rxf7 Qxb7 32. Rxb7 Nd4 33. Rfb2
Nxf3+ 34. Kf2 Nxh2 35. Rb8+ Rxb8 36. Rxb8+ Kf7 37. Ra8 Ng4+ 38. Ke2 Bb3 39. c5
Ke6 40. Rxa5 Nf6 41. Kd3 Kd5 42. Ra7 h5 43. Rg7 Ba2 44. Kc2 Ke6 45. Rxg6 Bd5
46. Rg5 Be4+ 47. Kc3 Bf3 48. Kd4 Bg4 49. Re5+ Kd7 50. Re7+ Kc8 51. Rc7+ Kd8 52.
Ra7 Ne8 53. Ke5 Bf3 54. Rh7 Kc8 55. Ke6 Kd8 56. Rd7+ Kc8 57. Rf7 Bg4+ 58. Ke7
Nc7 59. Bxc7 Kxc7 60. Rf6 Bh3 61. Rd6 Bf5 62. Kf6 Bh3 63. Kg5 Bg4 64. Rh6 Kd7
65. Rxh5 Bxh5 66. Kxh5 1-0

[Event "31st 4NCL Congress"]
[Site "Harrogate, North Yorkshire, ENG"]
[Date "2024.01.19"]
[Round "1.9"]
[White "Cast, Julian"]
[Black "Okhai, Shabir"]
[Result "0-1"]
[WhiteElo "2024"]
[BlackElo "2241"]
[PlyCount "178"]
[EventDate "2024.01.19"]

1. d4 Nf6 2. Nf3 e6 3. e3 d5 4. Bd3 c5 5. b3 b6 6. O-O Bb7 7. Nbd2 Nc6 8. Bb2
Be7 9. a3 O-O 10. Qe2 a5 11. Rfd1 a4 12. dxc5 bxc5 13. Bb5 axb3 14. cxb3 Qb6
15. Ne5 Nxe5 16. Bxe5 Ba6 17. Bxa6 Rxa6 18. a4 Qb7 19. h3 Rfa8 20. Qd3 Rb6 21.
Qc2 Nd7 22. Bc3 Nb8 23. Rab1 Nc6 24. Qd3 Bf8 25. Kf1 Rb8 26. Kg1 h6 27. Kf1 Qc7
28. Kg1 R6b7 29. Rdc1 Qd8 30. Ba1 Bd6 31. f4 Bf8 32. Nf3 Rb4 33. Kh1 Qb6 34.
Nd2 Qb7 35. Bc3 Rb6 36. Ra1 Ra8 37. Kh2 Ne7 38. Be5 Ng6 39. Bc3 d4 40. exd4
Nxf4 41. Qf1 Nd5 42. dxc5 Bxc5 43. Kh1 Nxc3 44. Rxc3 Bd4 45. Rg3 Qc7 46. Qf3
Rd8 47. Rd1 Be5 48. Rg4 Rbd6 49. Rc4 Qa5 50. Rf1 Rxd2 51. Qxf7+ Kh8 52. Qxe6
Rd1 53. Rc1 Rxc1 54. Rxc1 Qd2 55. Rf1 Qd3 56. Re1 Bg3 57. Rg1 Qd4 58. Qg4 Qe3
59. b4 Rd4 60. Qc8+ Kh7 61. Qf5+ Kg8 62. Qc8+ Kf7 63. Qf5+ Ke7 64. Qc5+ Bd6 65.
Qa7+ Ke6 66. Rf1 Qf2 67. Qa6 Qc2 68. Qa7 Rf4 69. Re1+ Kf6 70. Qe3 Qc4 71. g3
Rf1+ 72. Rxf1+ Qxf1+ 73. Kh2 Qd1 74. Qc3+ Be5 75. Qc6+ Qd6 76. Qf3+ Ke6 77.
Qg4+ Kd5 78. a5 Bd4 79. b5 Qb4 80. Qd7+ Kc4 81. Qc6+ Qc5 82. a6 Kb4 83. h4 Qxb5
84. Qxb5+ Kxb5 85. Kh3 Kxa6 86. g4 Bf6 87. h5 Kb5 88. Kg3 Kc4 89. Kf4 Kd4 0-1

[Event "31st 4NCL Congress"]
[Site "Harrogate, North Yorkshire, ENG"]
[Date "2024.01.19"]
[Round "1.10"]
[White "Denderski, Piotr"]
[Black "Brencher, Paul"]
[Result "1-0"]
[WhiteElo "2210"]
[BlackElo "2009"]
[PlyCount "94"]
[EventDate "2024.01.19"]

1. d4 Nf6 2. c4 e6 3. Nc3 Bb4 4. f3 d5 5. a3 Be7 6. e4 dxe4 7. fxe4 c5 8. d5
exd5 9. exd5 O-O 10. Be2 a6 11. Nf3 Bd6 12. O-O Bg4 13. Nh4 Bxe2 14. Qxe2 Nbd7
15. Nf5 Be5 16. Bf4 Re8 17. Bxe5 Rxe5 18. Qf3 g6 19. Nd6 Qe7 20. Nxb7 Rf5 21.
d6 Qe5 22. Qg3 Qxg3 23. hxg3 Rxf1+ 24. Rxf1 Rb8 25. Nxc5 Nxc5 26. Rxf6 Rxb2 27.
Rf2 Rb3 28. Nd5 Kg7 29. Rd2 Rxa3 30. Nb6 Rxg3 31. d7 Nxd7 32. Nxd7 Rc3 33. c5
f5 34. Ra2 Kf7 35. Rxa6 Ke7 36. Ra7 Kd8 37. Kf2 f4 38. Nf6 Rxc5 39. Rd7+ Kc8
40. Rxh7 Rf5 41. Ne4 Kd8 42. Kf3 g5 43. Rg7 Ra5 44. Nxg5 Ke8 45. Kxf4 Kf8 46.
Rb7 Kg8 47. g4 Rc5 1-0

[Event "31st 4NCL Congress"]
[Site "Harrogate, North Yorkshire, ENG"]
[Date "2024.01.19"]
[Round "1.11"]
[White "Lampard, Alice"]
[Black "Chan, Sheng Liang Bernard"]
[Result "0-1"]
[WhiteElo "1963"]
[BlackElo "2180"]
[PlyCount "118"]
[EventDate "2024.01.19"]

1. d4 Nf6 2. c4 e6 3. Nc3 Bb4 4. e3 O-O 5. Bd3 d5 6. a3 Bxc3+ 7. bxc3 dxc4 8.
Bxc4 c5 9. Nf3 Qc7 10. Be2 b6 11. O-O Bb7 12. Bb2 Nbd7 13. Nd2 Ne4 14. f3 Nxd2
15. Qxd2 e5 16. c4 exd4 17. exd4 cxd4 18. Qxd4 Qc5 19. Rfd1 Rac8 20. Kf1 Qxd4
21. Rxd4 Nc5 22. Rad1 f6 23. Bc3 Bc6 24. Bb4 Ba4 25. Rb1 Rf7 26. Bd1 Rd7 27.
Rxd7 Bxd7 28. Be2 Be6 29. Bxc5 Rxc5 30. Rb4 Ra5 31. Rb3 Re5 32. Rb4 Re3 33. Ra4
a5 34. c5 Bb3 35. Bc4+ Bxc4+ 36. Rxc4 bxc5 37. Ra4 c4 38. Rxa5 Kf7 39. Rc5 Rc3
40. a4 Ke6 41. Ke1 Kd6 42. Rc8 Rc2 43. g3 Kd5 44. Rd8+ Kc5 45. Rc8+ Kd4 46. a5
Rxh2 47. a6 Ra2 48. Rc7 g5 49. a7 Ke3 50. Kd1 Kxf3 51. Rxc4 Rxa7 52. Rc3+ Kf2
53. g4 Rd7+ 54. Kc1 Rd4 55. Rc6 Rf4 56. Rc7 Rxg4 57. Rxh7 Rd4 58. Rh6 Rd6 59.
Rg6 Kf3 0-1

[Event "31st 4NCL Congress"]
[Site "Harrogate, North Yorkshire, ENG"]
[Date "2024.01.19"]
[Round "1.12"]
[White "White, Stuart A"]
[Black "Patel, Keatan"]
[Result "1-0"]
[WhiteElo "2152"]
[BlackElo "1950"]
[PlyCount "145"]
[EventDate "2024.01.19"]

1. c4 c5 2. g3 g6 3. Bg2 Bg7 4. Nc3 Nc6 5. Nf3 e5 6. a3 a5 7. d3 d6 8. O-O Nge7
9. Ne1 Be6 10. Bg5 f6 11. Bd2 O-O 12. Nd5 Rb8 13. b4 b6 14. Rb1 axb4 15. axb4
f5 16. Bg5 h6 17. Bxe7 Nxe7 18. Nc2 Nxd5 19. Bxd5 Bxd5 20. cxd5 f4 21. Na3 h5
22. Qc2 h4 23. g4 f3 24. h3 Rf4 25. e3 Rxb4 26. Rxb4 cxb4 27. Nb5 Qc8 28. Qc6
Bf8 29. Rb1 Qa6 30. Qc4 Rc8 31. Qxb4 Rc5 32. d4 exd4 33. Nxd4 Qb7 34. Nxf3 Qxd5
35. Nd4 b5 36. Qb3 Qxb3 37. Rxb3 Bg7 38. Nxb5 Be5 39. Kg2 Kf7 40. Rb4 Rc2 41.
Nd4 Bxd4 42. Rxd4 Ke6 43. g5 Kf5 44. Rxd6 Kxg5 45. Rd5+ Kh6 46. Kf3 g5 47. Rd1
Kg6 48. Rg1 Kf6 49. Ra1 Kg6 50. Ra8 Kh6 51. Rf8 Kg7 52. Rf5 Kg6 53. Kg4 Rc4+
54. f4 gxf4 55. Rxf4 Rc3 56. Re4 Rc5 57. Kxh4 Rh5+ 58. Kg3 Kf5 59. Rf4+ Ke5 60.
h4 Rh8 61. Rg4 Ra8 62. h5 Ra1 63. Kh4 Re1 64. h6 Kf6 65. Rg3 Rh1+ 66. Rh3 Ra1
67. Kg4 Rg1+ 68. Kf4 Rg8 69. h7 Rh8 70. Rh6+ Kg7 71. Kg5 Kf8 72. Kf6 Ke8 73.
Kg7 1-0

[Event "31st 4NCL Congress"]
[Site "Harrogate, North Yorkshire, ENG"]
[Date "2024.01.19"]
[Round "1.13"]
[White "Garnett, John S"]
[Black "Senior, Gary"]
[Result "1/2-1/2"]
[WhiteElo "1949"]
[BlackElo "2142"]
[PlyCount "67"]
[EventDate "2024.01.19"]

1. c4 f5 2. g3 Nf6 3. Bg2 d6 4. Nc3 e5 5. d3 Be7 6. e4 c6 7. Nge2 O-O 8. O-O
Na6 9. b3 fxe4 10. Nxe4 d5 11. Nxf6+ Bxf6 12. Bb2 Bg4 13. f3 Qb6+ 14. Kh1 Bh5
15. cxd5 cxd5 16. d4 exd4 17. Bxd4 Bxd4 18. Qxd4 Qxd4 19. Nxd4 Rfe8 20. f4 Rad8
21. Rfe1 Nc5 22. Rxe8+ Bxe8 23. Rc1 b6 24. Nf5 Kf7 25. Rd1 Bc6 26. Ne3 Ke6 27.
Bh3+ Kf7 28. Kg1 a5 29. Bg2 Ke6 30. Nc2 Bb7 31. Nd4+ Kf7 32. Nb5 Rd7 33. Bh3
Rd8 34. Bg2 1/2-1/2

[Event "31st 4NCL Congress"]
[Site "Harrogate, North Yorkshire, ENG"]
[Date "2024.01.19"]
[Round "1.14"]
[White "Longson, Sarah N"]
[Black "Booth, Steven B"]
[Result "1/2-1/2"]
[WhiteElo "2115"]
[BlackElo "1908"]
[PlyCount "62"]
[EventDate "2024.01.19"]

1. e4 c6 2. d4 d5 3. exd5 cxd5 4. Bd3 Nc6 5. c3 Qc7 6. Ne2 Bg4 7. O-O e6 8. Qe1
Bd6 9. f3 Bf5 10. Bxf5 exf5 11. Nf4+ Nge7 12. Nxd5 Bxh2+ 13. Kh1 Qd6 14. Nxe7
Nxe7 15. Bg5 Bg3 16. Qxe7+ Qxe7 17. Bxe7 Kxe7 18. f4 h5 19. Rf3 h4 20. Nd2 Rae8
21. Nf1 Kd6 22. Nxg3 hxg3+ 23. Kg1 Re2 24. b3 Rhe8 25. Rxg3 g6 26. Kf1 R8e4 27.
a4 a5 28. Rd1 Rb2 29. c4 Rxf4+ 30. Kg1 Re4 31. d5 f4 1/2-1/2

[Event "31st 4NCL Congress"]
[Site "Harrogate, North Yorkshire, ENG"]
[Date "2024.01.19"]
[Round "1.15"]
[White "Flynn, David"]
[Black "Henderson, David"]
[Result "0-1"]
[WhiteElo "1907"]
[BlackElo "2115"]
[PlyCount "76"]
[EventDate "2024.01.19"]

1. e4 e5 2. Nf3 Nc6 3. d4 exd4 4. Nxd4 Bc5 5. Nb3 Bb6 6. Nc3 d6 7. Qe2 a5 8. a4
Nb4 9. Nd5 Nxd5 10. exd5+ Qe7 11. Bg5 f6 12. Bh4 Bd7 13. Nd2 Qxe2+ 14. Bxe2 Kf7
15. O-O Ne7 16. Bf3 g5 17. Bg3 h5 18. h4 Nf5 19. Kh2 Ne7 20. c4 Ng6 21. Kh1
gxh4 22. Bh2 Rae8 23. Be4 Re7 24. b3 Rhe8 25. Bd3 f5 26. Nf3 Kf6 27. Kg1 Bc5
28. Rfe1 Bb4 29. Rxe7 Rxe7 30. Ra2 Bc5 31. Kf1 Ne5 32. Bxe5+ dxe5 33. Nxh4 e4
34. Be2 f4 35. Bd1 Kg5 36. g3 fxg3 37. fxg3 Bh3+ 38. Ke1 Rf7 0-1

[Event "31st 4NCL Congress"]
[Site "Harrogate, North Yorkshire, ENG"]
[Date "2024.01.19"]
[Round "1.16"]
[White "Murawski, Jan"]
[Black "Ganti, Shriaansh"]
[Result "1-0"]
[WhiteElo "2101"]
[BlackElo "1854"]
[PlyCount "135"]
[EventDate "2024.01.19"]

1. c4 Nf6 2. Nc3 e5 3. Nf3 Nc6 4. e4 Bc5 5. Nxe5 Nxe5 6. d4 Bd6 7. c5 Bxc5 8.
dxe5 Ng8 9. Bc4 Ne7 10. Bg5 c6 11. Qf3 O-O 12. Rd1 Qc7 13. Qg3 Kh8 14. O-O Ng6
15. Na4 Bb4 16. Qb3 Ba5 17. Bxf7 Nxe5 18. Be7 Rxf7 19. Bd6 Qd8 20. Bxe5 Re7 21.
Qg3 Qe8 22. Bd4 b5 23. Nc5 Bb6 24. f3 Qf7 25. a3 a5 26. Rd2 h6 27. Rfd1 Ba7 28.
Qc7 a4 29. Bf2 Bxc5 30. Bxc5 Re6 31. Qd8+ Re8 32. Qc7 Re6 33. h3 Re8 34. Qg3
Kh7 35. Rd6 Re6 36. R6d2 Rg6 37. Qf2 d5 38. exd5 Bxh3 39. Qf1 cxd5 40. Rf2 Bd7
41. Qd3 Bc6 42. Bd4 Rc8 43. Rc1 Kg8 44. Rfc2 Re6 45. Rc5 Qd7 46. Qc3 Kh7 47.
Qc2+ Kg8 48. Rxb5 Bxb5 49. Qxc8+ Qxc8 50. Rc4 Qc7 51. Rxc7 Kh7 52. Kf2 Rg6 53.
Ra7 Bc4 54. g3 Bb3 55. g4 h5 56. gxh5 Rg5 57. h6 Rf5 58. Be3 Bd1 59. Rxg7+ Kh8
60. Bd4 Rxf3+ 61. Ke1 Rd3 62. Bf6 Rf3 63. Rf7+ Kg8 64. h7+ Kxf7 65. h8=Q Rxf6
66. Kxd1 Rf4 67. Qe5 Rf1+ 68. Ke2 1-0

[Event "31st 4NCL Congress"]
[Site "Harrogate, North Yorkshire, ENG"]
[Date "2024.01.19"]
[Round "1.17"]
[White "Sasikumar, Srivathsan"]
[Black "Baer, Bruce L"]
[Result "1-0"]
[WhiteElo "1852"]
[BlackElo "2090"]
[PlyCount "109"]
[EventDate "2024.01.19"]

1. e4 g6 2. d4 Bg7 3. Nc3 a6 4. f4 b5 5. a3 Bb7 6. Nf3 d6 7. Be3 Nd7 8. Bd3 c5
9. dxc5 Nxc5 10. O-O Rc8 11. Qe2 Nh6 12. h3 O-O 13. Rad1 f5 14. e5 Nf7 15. Bxc5
Rxc5 16. exd6 exd6 17. Rfe1 Bxc3 18. bxc3 Rxc3 19. Nd4 Qb6 20. Qf2 Rxa3 21. Re7
Ra4 22. c3 Bd5 23. Rde1 Ra2 24. Bc2 b4 25. Re8 Qc7 26. Nxf5 Qc5 27. R1e3 Bc6
28. Ne7+ Kg7 29. Nf5+ Qxf5 30. Bxf5 Rxf2 31. Rxf8 Kxf8 32. Kxf2 gxf5 33. cxb4
Nd8 34. g4 Bb5 35. gxf5 d5 36. Re5 d4 37. f6 Nc6 38. Rd5 Kf7 39. Rd7+ Kxf6 40.
Rxh7 Nxb4 41. Ke1 Nd3+ 42. Kd2 Nxf4 43. Rh4 Kf5 44. Rh8 Bc6 45. Rf8+ Ke4 46.
Rf7 a5 47. h4 a4 48. Ra7 Kd5 49. h5 Kc4 50. h6 Ng6 51. h7 d3 52. Rc7 Kc5 53.
Kxd3 a3 54. Kc3 Kd6 55. Rg7 1-0

[Event "31st 4NCL Congress"]
[Site "Harrogate, North Yorkshire, ENG"]
[Date "2024.01.20"]
[Round "2.1"]
[White "Sarakauskas, Gediminas"]
[Black "Denderski, Piotr"]
[Result "1-0"]
[WhiteElo "2464"]
[BlackElo "2210"]
[PlyCount "85"]
[EventDate "2024.01.19"]

1. d4 Nf6 2. Nf3 e6 3. g3 c5 4. Bg2 cxd4 5. O-O d5 6. Nxd4 e5 7. Nb3 Nc6 8. Bg5
Be6 9. Nc3 d4 10. Ne4 h6 11. Bxf6 gxf6 12. Nec5 Bxc5 13. Nxc5 Qb6 14. Nxe6 fxe6
15. c3 Rd8 16. Qc2 f5 17. cxd4 Nxd4 18. Qa4+ Kf7 19. e3 Nb5 20. Rac1 e4 21.
Rfd1 a6 22. Bf1 Rxd1 23. Rxd1 Rd8 24. Rxd8 Qxd8 25. Bxb5 axb5 26. Qxb5 Qd1+ 27.
Qf1 Qc2 28. Qa1 b5 29. b4 e5 30. Qf1 Qc6 31. Qd1 Ke7 32. Kg2 Qc4 33. Qh5 Qe6
34. Qe2 Qc6 35. Qb2 Kd6 36. Qb3 Qd5 37. Qc2 Qc6 38. Qd1+ Ke7 39. Qb3 Kf8 40.
Qb2 Qc7 41. Qd2 Qc6 42. Qd8+ Kg7 43. Qe7+ 1-0

[Event "31st 4NCL Congress"]
[Site "Harrogate, North Yorkshire, ENG"]
[Date "2024.01.20"]
[Round "2.2"]
[White "Okhai, Shabir"]
[Black "Arkell, Keith C"]
[Result "0-1"]
[WhiteElo "2241"]
[BlackElo "2424"]
[PlyCount "82"]
[EventDate "2024.01.19"]

1. e4 g6 2. d4 Bg7 3. Nc3 d6 4. Be3 a6 5. Qd2 b5 6. a4 b4 7. Nce2 a5 8. Ng3 Ba6
9. Bxa6 Nxa6 10. N1e2 c5 11. O-O cxd4 12. Bxd4 Nf6 13. Nc1 Qc7 14. c3 bxc3 15.
Bxc3 Nc5 16. Qe2 O-O 17. Nd3 Nxd3 18. Qxd3 Rfc8 19. Rfe1 Qc4 20. Qd2 Nd7 21.
Bxg7 Kxg7 22. Qg5 f6 23. Qe3 Nc5 24. Qe2 Qxe2 25. Nxe2 Rab8 26. Ra2 Nd3 27. Rd1
Nxb2 28. Rb1 Nxa4 29. Rxb8 Rxb8 30. f3 Rb4 31. Kf2 Kf7 32. Ke3 Nb6 33. Kd3 a4
34. Nd4 Rb1 35. Kc2 Rg1 36. Kc3 Rc1+ 37. Kd2 Rc5 38. Kd3 e5 39. Ne2 Ra5 40. Nc3
d5 41. exd5 Nxd5 0-1

[Event "31st 4NCL Congress"]
[Site "Harrogate, North Yorkshire, ENG"]
[Date "2024.01.20"]
[Round "2.3"]
[White "Wells, Peter K"]
[Black "White, Stuart A"]
[Result "1/2-1/2"]
[WhiteElo "2347"]
[BlackElo "2152"]
[PlyCount "80"]
[EventDate "2024.01.19"]

1. c4 c6 2. e4 d5 3. exd5 cxd5 4. cxd5 Nf6 5. Nc3 g6 6. Bc4 Bg7 7. Nf3 O-O 8.
O-O Nbd7 9. d3 Nb6 10. Qb3 Qd7 11. Re1 Rd8 12. Ne5 Qf5 13. h3 h5 14. d6 e6 15.
Nb5 Nfd5 16. Nd4 Qf6 17. Ndf3 Nf4 18. Re4 Bh6 19. g3 Nxh3+ 20. Kg2 Ng5 21. Bxg5
Bxg5 22. Nxf7 Kxf7 23. Bxe6+ Kg7 24. Bxc8 Rdxc8 25. Re6 Qd8 26. Rae1 Bf6 27.
Re7+ Kh6 28. Qf7 Qh8 29. Rxb7 Rf8 30. Qb3 Qg8 31. Re6 Rf7 32. Rxf7 Qxf7 33. d4
Rf8 34. Qe3+ Kg7 35. Qe4 Nd7 36. b4 Bd8 37. d5 Qf5 38. Qd4+ Kg8 39. Qe4 Qxe4
40. Rxe4 Bf6 1/2-1/2

[Event "31st 4NCL Congress"]
[Site "Harrogate, North Yorkshire, ENG"]
[Date "2024.01.20"]
[Round "2.4"]
[White "Chan, Sheng Liang Bernard"]
[Black "Jackson, Edward"]
[Result "0-1"]
[WhiteElo "2180"]
[BlackElo "2286"]
[PlyCount "78"]
[EventDate "2024.01.19"]

1. d4 d5 2. c4 e6 3. Nc3 Nf6 4. Nf3 Be7 5. Bg5 O-O 6. e3 h6 7. Bxf6 Bxf6 8.
cxd5 exd5 9. Rc1 c6 10. Be2 Qd6 11. Qc2 Re8 12. a3 a5 13. Na4 Nd7 14. O-O g6
15. Bd3 Kg7 16. Rfe1 h5 17. Nd2 b5 18. Nc3 Nb6 19. Ne2 Bd7 20. Nf4 Bg5 21. Ne2
Nc4 22. Nf3 Bh6 23. Bxc4 dxc4 24. b3 cxb3 25. Qxb3 Be6 26. Qb2 Bd5 27. Nc3 Bxf3
28. gxf3 Qf6 29. Kg2 Qg5+ 30. Kh1 Qf5 31. Qe2 Qh3 32. Rg1 Re6 33. d5 cxd5 34.
Nxd5 Kh7 35. Nc7 Bf4 36. Rg3 Bxg3 37. fxg3 Rc8 38. Qe1 Re5 39. e4 h4 0-1

[Event "31st 4NCL Congress"]
[Site "Harrogate, North Yorkshire, ENG"]
[Date "2024.01.20"]
[Round "2.5"]
[White "Townsend, M Paul"]
[Black "Murawski, Jan"]
[Result "1/2-1/2"]
[WhiteElo "2264"]
[BlackElo "2101"]
[PlyCount "76"]
[EventDate "2024.01.19"]

1. d4 d5 2. c4 e6 3. Nf3 Nf6 4. g3 dxc4 5. Bg2 Bb4+ 6. Bd2 c5 7. dxc5 Bxc5 8.
O-O Bd7 9. Qc2 Bc6 10. Qxc4 Nbd7 11. Nc3 Rc8 12. Qb3 O-O 13. Rfd1 Qb6 14. Qxb6
Bxb6 15. Rac1 Ng4 16. e3 Ngf6 17. Ne1 Bxg2 18. Kxg2 Nc5 19. b4 Nce4 20. Na4 Nd5
21. a3 Rxc1 22. Bxc1 Rd8 23. Rd3 f5 24. Bb2 Rd7 25. Kf1 Nd6 26. Ke2 Nc4 27. Bc1
Kf7 28. Nb2 Ne5 29. Rb3 Bd8 30. Ned3 Bf6 31. Bd2 Rc7 32. Nxe5+ Bxe5 33. Nd3 Bd6
34. Kd1 b5 35. f3 Rc4 36. Nb2 Rc7 37. Nd3 Rc4 38. Nb2 Rc7 1/2-1/2